| 000 | 00357nam a2200145Ia 4500 | ||
|---|---|---|---|
| 008 | 150201s2005 xx 000 0 und d | ||
| 082 |
_a610.733 _bW2005B |
||
| 100 | _aBARRETT JEAN | ||
| 245 | _aWARD MANAGEMENT & TEACHING | ||
| 250 | _a4TH | ||
| 260 |
_bKONARK PUBLISHERS .PVT. LTD _aDELHI _c2005 |
||
| 300 | _a1-440 | ||
| 650 | _aNURSING | ||
| 942 |
_2ddc _cBK |
||
| 999 |
_c4072 _d4072 |
||